Simpsons Children's Books Quiz Stats

 Plays Quiz Updated Nov 15, 2017

Challenge
Share
Tweet
Score 0/20 Timer 05:00
6 Plays Today
% Correct
Unicorns and Me
96.3%
There's a Rainbow
in My Basement
96%
Rub the Rabbit
95.7%
The Berry-Stained Bears
Make S'Mores
95.5%
i, Bully
95.5%
Kevin James
and the Giant Peach
94.8%
You're Tired!
94.8%
Find Waldo, Yet Again
94.7%
The Land of the
Wild Beasts
94.5%
Thin by Third Grade
94.1%
% Correct
Math
Safari
93.9%
When Daddy Does
Hard Time
93.8%
Children's
Illustrated
Bible
93%
Goodnight Cocoon
87.9%
Larry Snotter
87.4%
Love in the Time
of Coloring Books
85.8%
Angelica Button
85.6%
The BabySitter Twins
85.5%
Curious George
and the Ebola Virus
85%
A Child's Garden of
Milli Vanilli Jokes
82.6%

You're not logged in!

Compare scores with friends on all Sporcle quizzes.
OR
Log In

You Might Also Like...

Show Comments

Extras

Top Quizzes Today


Score Distribution

Your Account Isn't Verified!

In order to create a playlist on Sporcle, you need to verify the email address you used during registration. Go to your Sporcle Settings to finish the process.

Report this User

Report this user for behavior that violates our Community Guidelines.

Details: